000 00530nam a2200193Ia 4500
005 20250508160523.0
008 008 250505s9999 xx 000 0 eng d
037 _aTextual
040 _aFEDL
_beng
_cFEDL
041 _aeng
_2eng
084 _a370.954, VER
_qFEDL
100 _aVerma K K
245 0 _aEducational and philosophic thoughts
260 _aAmbala, India
_bThe Indian Publications
_c1969
300 _a291p.
650 _aEducation
942 _cTEXL
_h370.954, VER
999 _c1365124
_d1365124